|
|
|
|
| LEADER |
01058nam a2200253 a 4500 |
| 001 |
3522491 |
| 008 |
091012b ug a f000 0 eng d |
| 010 |
|
|
|a 95980756
|
| 040 |
|
|
|a DLC
|c DLC
|
| 082 |
0 |
0 |
|a 362.1/9892
|2 21
|
| 245 |
0 |
0 |
|a Facts for life :
|b a communication challenge.
|
| 250 |
|
|
|a Uganda Version.
|
| 260 |
|
|
|a Entebbe, Uganda :
|b Health Education Division, Ministry of Health ;
|a Kampala, Uganda :
|b UNICEF Uganda,
|c 1993-
|
| 300 |
|
|
|a 78 p. :
|b ill. (some col.) ;
|c 23 cm.
|
| 541 |
1 |
|
|e 00003777
|
| 650 |
|
0 |
|a Children
|x Health and hygiene
|z Uganda.
|
| 650 |
|
0 |
|a Preventive health services for children
|z Uganda.
|
| 650 |
|
0 |
|a Children
|x Diseases
|z Uganda.
|
| 650 |
|
0 |
|a Health education
|z Uganda.
|
| 710 |
1 |
|
|a Uganda.
|b Ministry of Health.
|b Health Education Division.
|
| 710 |
2 |
|
|a UNICEF Uganda.
|
| 852 |
4 |
|
|a Ayesha Abed Library
|j General shelf
|
| 999 |
|
|
|c 8103
|d 8103
|
| 952 |
|
|
|0 0
|1 0
|2 ddc
|4 0
|6 362_198920000000000_FAC_1993
|7 0
|9 9249
|a BRACUL
|b BRACUL
|c GEN
|d 2010-04-18
|g 0.00
|l 0
|o 362.19892 FAC
|p 3010003777
|r 2010-04-18
|t 1
|w 2010-04-18
|y BK
|z Not price in Register
|